Nelsons biographical dictionary: with a short dictionary of mythology (Record no. 76619)

MARC details
000 -LEADER
fixed length control field 00636nam a2200265Ia 4500
008 - FIXED-LENGTH DATA ELEMENTS--GENERAL INFORMATION
fixed length control field 210210b1965 xxu||||| |||| 00| 0 eng d
041 ## - LANGUAGE CODE
Language code of text/sound track or separate title eng
082 ## - DEWEY DECIMAL CLASSIFICATION NUMBER
Classification number 030/43
100 ## - MAIN ENTRY--PERSONAL NAME
Personal name GUNN (John) Ed
245 ## - TITLE STATEMENT
Title Nelsons biographical dictionary: with a short dictionary of mythology
260 ## - PUBLICATION, DISTRIBUTION, ETC.
Place of publication, distribution, etc. London
Name of publisher, distributor, etc. Thomas Nelson and Sons Limited
Date of publication, distribution, etc. 1965
300 ## - PHYSICAL DESCRIPTION
Extent viii,592
650 ## - SUBJECT ADDED ENTRY--TOPICAL TERM
Topical term or geographic name entry element with
650 ## - SUBJECT ADDED ENTRY--TOPICAL TERM
Topical term or geographic name entry element short
650 ## - SUBJECT ADDED ENTRY--TOPICAL TERM
Topical term or geographic name entry element s
650 ## - SUBJECT ADDED ENTRY--TOPICAL TERM
Topical term or geographic name entry element of
650 ## - SUBJECT ADDED ENTRY--TOPICAL TERM
Topical term or geographic name entry element Nelson
650 ## - SUBJECT ADDED ENTRY--TOPICAL TERM
Topical term or geographic name entry element mythology
650 ## - SUBJECT ADDED ENTRY--TOPICAL TERM
Topical term or geographic name entry element dictionary:
650 ## - SUBJECT ADDED ENTRY--TOPICAL TERM
Topical term or geographic name entry element dictionary
650 ## - SUBJECT ADDED ENTRY--TOPICAL TERM
Topical term or geographic name entry element biographical
650 ## - SUBJECT ADDED ENTRY--TOPICAL TERM
Topical term or geographic name entry element a
690 ## - LOCAL SUBJECT ADDED ENTRY--TOPICAL TERM (OCLC, RLIN)
Topical term or geographic name as entry element Dictionaries
906 ## - LOCAL DATA ELEMENT F, LDF (RLIN)
a 000091
Holdings
Withdrawn status Lost status Damaged status Not for loan Collection code Home library Current library Shelving location Date acquired Cost, normal purchase price Total Checkouts Full call number Barcode Date last seen Price effective from Koha item type
      Restricted Book   St Aloysius Library St Aloysius Library   02/17/2021 0.00   030/43 000091 02/17/2021 02/17/2021 Book